| 000 | 00843nam a22001697a 4500 | ||
|---|---|---|---|
| 003 | UA-OsUOA | ||
| 001 | 14662 | ||
| 007 | ta | ||
| 008 | 20031015b un ||||| |||| 00| 0 ukr d | ||
| 100 | _aКрока В. | ||
| 942 | _cSA | ||
| 040 |
_aUA-OsUOA _cUA-OsUOA _dUA-OsUOA |
||
| 245 |
_aНові обрії самоврядування : [Розмова з першим заст. голови Рівнен. обл. ради В.Крокою , якому вручено Диплом переможця Першого всеукр. конкурсу проектів та програм розвитку місц. самоврядування ] _b/Розмовляв П.Велесик _cКрока В. |
||
| 955 | _a0 | ||
| 773 | 0 |
_w0 _tВісті Рівненщини _dРівне _d2003 _g№82/3 жовт./ |
|
| 650 | 7 |
_aКраєзнавча робота _2UDC |
|
| 999 |
_c300826 _d300826 |
||